African Traditional Religion in Biblical Perspective (Record no. 4329)

MARC details
000 -LEADER
fixed length control field 00481nam a22001457a 4500
008 - FIXED-LENGTH DATA ELEMENTS--GENERAL INFORMATION
fixed length control field 250716b |||||||| |||| 00| 0 eng d
020 ## - INTERNATIONAL STANDARD BOOK NUMBER
ISBN 9781594521744
100 ## - MAIN ENTRY--AUTHOR
Author Gehmany Richard
245 ## - TITLE STATEMENT
Title African Traditional Religion in Biblical Perspective
260 ## - PUBLICATION, DISTRIBUTION, ETC. (IMPRINT)
Place of publication Wheaton, illinois USA
Name of publisher oasis international
Date of publication 2019
300 ## - COLLATION
Pagination xiv, 386.p
650 ## - TRACINGS
Main Subject Christianity $ other Religion African sub Saharal
Subdivision (1st) African sub Sahara- Religion
942 ## - ADDED ENTRY ELEMENTS (KOHA)
Item type Books
050 ## - LIBRARY OF CONGRESS CALL NUMBER
Classification number BR 128. A16
Item number .G44
Holdings
Source of classification or shelving scheme Not for loan Permanent location Current location Date acquired Accession No. Full call number Barcode. Koha item type
Library of Congress Classification   Samuel Ogbemudia Main Library, University of Abuja Samuel Ogbemudia Main Library, University of Abuja 07/16/2025 2025/64858-59 BR 128.A16 2025-3097 Books